| 000 | 00561nam a22001457a 4500 | ||
|---|---|---|---|
| 020 | _a81-7130-604-7 | ||
| 082 |
_a894.812.3 _bRAM/S |
||
| 100 | _aRAMANUNNY, K..P | ||
| 245 | _aSOOPHI PARANJA KATHA | ||
| 260 |
_aKOTTAYAM _bDC BOOKS _c2018 |
||
| 300 | _a127 | ||
| 520 | _aWe see pantheistic pagan traditions asserting themselves over members of all communities-as Mother Goddess for Hindus, as the Beevi and Jarum for the Muslims. The novel speaks about religious feelings and relationships and the mystic reach of these aspects. | ||
| 650 | _aNOVEL | ||
| 942 | _cBK | ||
| 999 |
_c5232 _d5232 |
||